| 000 | 00746nam a2200193Ii 4500 | ||
|---|---|---|---|
| 003 | JO-AjNU | ||
| 008 | 230605s9999||||xx |||||||||||||| ||und|| | ||
| 040 |
_aJO-AjNU _bara _erda _cJO-AjNU |
||
| 041 | _aara | ||
| 050 | 1 | 4 | _aBP134.E8.I27 |
| 100 | 3 |
_aتاليف ابن قيم الجوزية، شمس الدين محمد بن أبي بكر؛ ضبطة وكتب حواشية إبراهيم العجوز, _eauthor _936477 |
|
| 245 | 0 | 0 | _aالوابل الصيب من الكلم الطيب |
| 264 | 3 | 1 | _aبيروت: دار الكتب العلمية، د.ت |
| 300 | _a176ص | ||
| 336 |
_atext _btxt _2rdacontent |
||
| 337 |
_aunmediated _bn _2rdamedia |
||
| 338 |
_avolume _bnc _2rdacarrier |
||
| 650 | 4 |
_aالحديث - جوامع الفنون _936478 |
|
| 999 |
_aA15159 _c18727 _d18727 |
||